| 000 | 01100nam a2200265Ia 4500 | ||
|---|---|---|---|
| 001 | 3193 | ||
| 003 | GE_BSU | ||
| 008 | 181216s||||||||xx |||||||||||||| ||und|| | ||
| 020 | _a5289019596 | ||
| 040 | _cGE_BSU | ||
| 080 | _a005.3+330 | ||
| 245 | _aКорпоративное управление в переходных экономиках:Инсайдерский контроль и роль Банков | ||
| 245 | _bCorporate Governance in Transitionfl Economies | ||
| 245 | _cПод. ред.: Масахико Аоки, Хьюнг Ки Кима, пер. сангл.: ДЛ. Волкова, В.С. Катькало идр.; ред. И. М. Вдовина. | ||
| 260 | _aСПБ | ||
| 260 | _bЛениздат | ||
| 260 | _c1997 | ||
| 300 | _a558 ст. ил. 20см. | ||
| 541 | _h15 Л. 60 Т. | ||
| 653 | _aИнсайдерский контроль и роль Банков | ||
| 653 | _aКорпоративное управление в переходных экономиках: | ||
| 653 | _aЭкономика | ||
| 653 | _aეკონომიკა | ||
| 942 | _cBK | ||
| 999 |
_c37234 _d37234 |
||